<?xml version="1.0" encoding="UTF-8"?>
<record
    xmlns:xsi="http://www.w3.org/2001/XMLSchema-instance"
    xsi:schemaLocation="http://www.loc.gov/MARC21/slim http://www.loc.gov/standards/marcxml/schema/MARC21slim.xsd"
    xmlns="http://www.loc.gov/MARC21/slim">

  <leader>00619nam a2200169Ia 4500</leader>
  <controlfield tag="008">230917s9999||||xx |||||||||||||| ||und||</controlfield>
  <datafield tag="020" ind1=" " ind2=" ">
    <subfield code="c">RS 895.00</subfield>
  </datafield>
  <datafield tag="040" ind1=" " ind2=" ">
    <subfield code="e">5016894</subfield>
    <subfield code="a">MAIN</subfield>
  </datafield>
  <datafield tag="041" ind1=" " ind2=" ">
    <subfield code="a">English</subfield>
  </datafield>
  <datafield tag="082" ind1=" " ind2=" ">
    <subfield code="a">891.4317109 CS396M</subfield>
  </datafield>
  <datafield tag="100" ind1=" " ind2=" ">
    <subfield code="a">&#x91A;&#x924;&#x941;&#x930;&#x94D;&#x92C;&#x947;&#x926;&#x940;, &#x938;&#x928;&#x94D;&#x924;&#x94B;&#x937; &#x915;&#x941;&#x92E;&#x93E;&#x930;, &#x938;&#x92E;&#x94D;&#x92A;&#x93E;.</subfield>
  </datafield>
  <datafield tag="245" ind1=" " ind2="0">
    <subfield code="a">&#x92E;&#x941;&#x915;&#x94D;&#x924;&#x93F;&#x92C;&#x94B;&#x927;:  &#x935;&#x93F;&#x92E;&#x930;&#x94D;&#x936; &#x914;&#x930; &#x92A;&#x941;&#x928;: &#x92A;&#x93E;&#x920;</subfield>
  </datafield>
  <datafield tag="260" ind1=" " ind2=" ">
    <subfield code="a">&#x92A;&#x94D;&#x930;&#x92F;&#x93E;&#x917;&#x930;&#x93E;&#x91C;</subfield>
    <subfield code="b">&#x932;&#x94B;&#x915;&#x92D;&#x93E;&#x930;&#x924;&#x940; &#x92A;&#x94D;&#x930;&#x915;&#x93E;&#x936;&#x928;</subfield>
    <subfield code="c">2022</subfield>
  </datafield>
  <datafield tag="300" ind1=" " ind2=" ">
    <subfield code="a">327 p.</subfield>
  </datafield>
  <datafield tag="500" ind1=" " ind2=" ">
    <subfield code="a">4976 03/01/2023 RAJ23/10417 18/01/2023 Main Budget</subfield>
  </datafield>
  <datafield tag="942" ind1=" " ind2=" ">
    <subfield code="c">BK</subfield>
  </datafield>
  <datafield tag="952" ind1=" " ind2=" ">
    <subfield code="0">0</subfield>
    <subfield code="1">0</subfield>
    <subfield code="4">0</subfield>
    <subfield code="6">891_431710900000000_CS396M</subfield>
    <subfield code="7">0</subfield>
    <subfield code="9">13453</subfield>
    <subfield code="a">MAIN</subfield>
    <subfield code="b">MAIN</subfield>
    <subfield code="d">2023-02-25</subfield>
    <subfield code="l">0</subfield>
    <subfield code="o">891.4317109 CS396M</subfield>
    <subfield code="p">402957</subfield>
    <subfield code="r">2023-09-17 17:21:14</subfield>
    <subfield code="w">2023-09-17</subfield>
    <subfield code="y">BK</subfield>
  </datafield>
  <datafield tag="952" ind1=" " ind2=" ">
    <subfield code="0">0</subfield>
    <subfield code="1">0</subfield>
    <subfield code="4">0</subfield>
    <subfield code="6">891_431710900000000_CS396M</subfield>
    <subfield code="7">0</subfield>
    <subfield code="9">13454</subfield>
    <subfield code="a">MAIN</subfield>
    <subfield code="b">MAIN</subfield>
    <subfield code="d">2023-02-25</subfield>
    <subfield code="l">0</subfield>
    <subfield code="o">891.4317109 CS396M</subfield>
    <subfield code="p">402958</subfield>
    <subfield code="r">2023-09-17 17:21:14</subfield>
    <subfield code="w">2023-09-17</subfield>
    <subfield code="y">BK</subfield>
  </datafield>
  <datafield tag="999" ind1=" " ind2=" ">
    <subfield code="c">8245</subfield>
    <subfield code="d">8245</subfield>
  </datafield>
</record>
